Earl Cadogan & Ors v 26 Cadogan Square Ltd ; Howard De Walden Estates Ltd v Aggio and Ors (Record no. 80375)

MARC details
000 -LEADER
fixed length control field 02039cad a22002175a 4500
001 - CONTROL NUMBER
control field L144184
008 - FIXED-LENGTH DATA ELEMENTS--GENERAL INFORMATION
fixed length control field 080702e20080625xxk f v 000 0 eng d
035 ## - SYSTEM CONTROL NUMBER
System control number (Sirsi) u144184
041 0# - LANGUAGE CODE
Language code of text/sound track or separate title eng
245 00 - TITLE STATEMENT
Title Earl Cadogan & Ors v 26 Cadogan Square Ltd ; Howard De Walden Estates Ltd v Aggio and Ors
Medium [electronic resource]
260 ## - PUBLICATION, DISTRIBUTION, ETC.
Date of publication, distribution, etc. 2008
520 ## - SUMMARY, ETC.
Summary, etc. [2008] UKHL 44. The case turned around whether or not the head lessee of a block of flats was a qualifying tenant for the purpose of claiming a lease extension under the Leasehold, Reform and Urban Development Act 1993 Part 1 Chapter II. In both conjoined cases, a self-contained building converted into several self-contained flats had been let under a lease for sixty five years at ground rent. Each building had common parts included in the relevant headleases, but not under any of the underleases. Some of the flats were vacant. In both cases the head lessee had sought to acquire a new lease from the freeholder under the 1993 Act. Both were rejected on the grounds that the head lessee was not a qualifying tenant. Held: both appeals allowed. A head lessee under a block of flats (non of which was subject to lengthly underleases) was entitled to be a qualifying tenant, irrespective of whether the lessee was a property investor or resident, and irrespective of the nature or extent of other property included in the demise. The appeals were allowed against a previous decision of the Court of Appeal [2007] EWCA Civ 499 (L138460).
590 ## - LOCAL NOTE (RLIN)
Local note KA NTK
650 24 - SUBJECT ADDED ENTRY--TOPICAL TERM
Topical term or geographic name entry element EARL CADOGAN AND CADOGAN ESTATES LTD V 26 CADOGAN SQUARE LTD
650 24 - SUBJECT ADDED ENTRY--TOPICAL TERM
Topical term or geographic name entry element HOWARD DE WALDEN ESTATES LTD V AGGIO AND ORS
650 24 - SUBJECT ADDED ENTRY--TOPICAL TERM
Topical term or geographic name entry element LEASEHOLD, REFORM AND URBAN DEVELOPMENT ACT 1993
651 #4 - SUBJECT ADDED ENTRY--GEOGRAPHIC NAME
Geographic name England and Wales
Chronological subdivision 1543-
690 ## - LOCAL SUBJECT ADDED ENTRY--TOPICAL TERM (OCLC, RLIN)
Topical term or geographic name as entry element PROPERTY-RESIDENTIAL PROPERTY-RESIDENTIAL LANDLORD AND TENANT-RESIDENTIAL LEASES
856 40 - ELECTRONIC LOCATION AND ACCESS
Uniform Resource Identifier <a href="https://www.publications.parliament.uk/pa/ld200708/ldjudgmt/jd080625/cadoga.pdf">https://www.publications.parliament.uk/pa/ld200708/ldjudgmt/jd080625/cadoga.pdf</a>
Public note View the article free of charge at www.publications.parliament.uk...
942 ## - ADDED ENTRY ELEMENTS (KOHA)
Suppress in OPAC 0
Source of classification or shelving scheme Dewey Decimal Classification
Holdings
Withdrawn status Lost status Source of classification or shelving scheme Damaged status Not for loan Home library Current library Shelving location Date acquired Total Checkouts Full call number Barcode Date last seen Copy number Price effective from Koha item type
    Dewey Decimal Classification     Virtual Virtual Online 02/07/2008   ONLINE PUBLICATION 144184-1001 06/08/2019 1 06/08/2019 Law report